Potencialidades de mejoramiento de la seguridad de tránsito en Chile: identificadas por 208 participantes en 9 grupos de trabajo

Պահպանված է:
Մատենագիտական մանրամասներ
Համատեղ հեղինակ: Comisión Nacional de Seguridad de Tránsito (Հեղինակ)
Ձևաչափ: Գիրք
Լեզու:իսպաներեն
Հրապարակվել է: Santiago Comisión Nacional de Seguridad de Tránsito 1995
Հրատարակություն:1a. ed
Խորագրեր:
Ցուցիչներ: Ավելացրեք ցուցիչ
Չկան պիտակներ, Եղեք առաջինը, ով նշում է այս գրառումը!

MARC

LEADER 00000nam a2200000 a 4500
001 UCL3691
003 CL-VaPUC
008 031205e19950000CL |||||||||||||||||spa|d
082 0 4 |a 388.312  |b COM  |2 21 
110 2 |a Comisión Nacional de Seguridad de Tránsito  |e author  |9 481068 
245 1 0 |a Potencialidades de mejoramiento de la seguridad de tránsito en Chile: identificadas por 208 participantes en 9 grupos de trabajo 
250 |a 1a. ed 
300 |a 89 p 
942 |c BK 
945 |d 20031205 00:00:00  |a cmena 
260 |a Santiago  |b Comisión Nacional de Seguridad de Tránsito  |c 1995 
650 0 |a Tráfico  |9 263653 
650 7 |a SEÑALES DE TRANSITO  |2 CL-VaPUC  |9 455964 
650 7 |a TRANSITO URBANO  |2 CL-VaPUC  |9 261078 
650 0 |a Seguridad vial  |9 351161 
583 |a last modification  |c 20031205 00:00:00  |k Rodrigo Vera 
999 |c 306702  |d 306700 
952 |0 0  |1 0  |4 0  |6 388_312000000000000_COM_1995  |7 0  |8 A  |9 371935  |a BIBING  |b BIBING  |d 2019-11-21  |i 3970272  |o 388.312 COM 1995  |p 3970272  |r 2025-01-20  |w 2019-11-21  |y BK  |k TRA